| 000 | 00965nam a2200277Ia 4500 | ||
|---|---|---|---|
| 001 | Para_10088 | ||
| 003 | CHAP | ||
| 008 | 220125sJuni xx 000 0 und d | ||
| 010 | _a208778 | ||
| 040 | _cCHAP | ||
| 090 | _aPA CD - TESIS 167 | ||
| 100 |
_aSolís Quintero, Oscar _9108460 |
||
| 245 |
_aEfecto de Lixiviados del raquis de banano en el manejo de las sigatoka negra / _c Óscar Solís Quintero; Director Luciano Martínez Bolaños |
||
| 260 |
_aChapingo, Méx. : _b el autor |
||
| 300 | _a1 CDS ROM (67 p.) | ||
| 502 | _aTesis (Ing. Agr. Esp. en Parasitología Agrícola). UACh. Departamento Parasitología Agrícola | ||
| 700 |
_aMartínez Bolaños, Luciano. Director _9175116 |
||
| 710 |
_aUACh. Departamento Parasitología Agrícola _9164025 |
||
| 901 | _aPA CD - TESIS 167 | ||
| 902 | _aM | ||
| 905 | _a513220Junio, 2012 anm 8100000000 06 | ||
| 910 | _aJuni | ||
| 942 | _cPARA | ||
| 942 |
_cPARA _d2 |
||
| 999 |
_c208778 _d208778 |
||